Gardiens des cités perdues quiz - Statistiques

Statistiques générales
  • Ce quiz a été pris 1 053 fois
  • Le résultat moyen est 14 sur 15
Statistiques - réponses
Question Réponse % Correct
Qui annonce à Sophie qu'elle est une elfe ? Fitz
99%
Comment s'appelle l'autrice de GDCP ? Shannon Messenger
99%
Comment s'appelle l'alicorne que découvre Sophie ? Silvenie
99%
Avec qui Sophie est-elle enlevée ? Dex
96%
Qui Fintan tue-t-il après avoir été soigné ? Kenric
96%
Qui Sophie rencontre t-elle à Exilium ? Tam et Linh
96%
Quels sont leurs talents ? Ténébreux et Hydrokinésiste
95%
Qui est le meilleur(e) ami(e) de Sophie ? Dex
91%
Quels pouvoirs le Cygne Noir déclenche-t-il à Sophie à ce moment là ? Polyglotte, Instillisatrice
91%
A cause de quel événement Alden à l'esprit brisé ? La culpabilité du brise mémoire de Prentice
89%
Qui Sophie retrouve-t-elle cachée dans placard à la fin du tome 5 ? Amy
88%
Dans quel ville le Cygne Noir les laisses ? Paris
87%
Quel cité est à moitié innondée après le passage de Sophie et ses amis ? Ravagog
84%
De qui Sophie est-elle amoureuse ? Fitz
83%
Quel est le nom des cinq premiers tomes dans l'ordre ? GDCP, Exil, le Grand Brasier, les Invisibles, Projet Polaris
73%
Aucun quiz correspondant
Distribution des résultats
% des personnes avec chaque résultat
Percentile par nombre de réponses
Votre historique - résultats
Vous n’avez pas pris ce quiz